|
|
|
|
| LEADER |
00000nam0a2200000 4500 |
| 001 |
292637 |
| 005 |
20231102000521.0 |
| 035 |
|
|
|a (RuTPU)RU\TPU\book\317273
|
| 090 |
|
|
|a 292637
|
| 100 |
|
|
|a 20150423d2014 m y0rusy50 ca
|
| 101 |
0 |
|
|a rus
|
| 102 |
|
|
|a RU
|
| 105 |
|
|
|a a z 010zy
|
| 200 |
1 |
|
|a Горсети. Томск. Путь длиною в полвека. 1964-2014
|f Горсети ; под ред. В. Т. Резникова ; В. М. Афанасьевой ; Л. М. Мандрика
|
| 210 |
|
|
|a Новосибирск
|c Приобские ведомости
|d 2014
|
| 215 |
|
|
|a 184 с.
|c ил.
|
| 330 |
|
|
|a В 1895 году в Томске заработала первая электростанция, и первые фонари осветили улицы старинного губернского города. В 1964 году решением Томского облисполкома Городские электрические сети были выделены из состава «Томскэнерго», что стало отправной точкой в истории предприятия, которое сегодня именуется ООО «Горсети». Оно обеспечивает передачу электроэнергии и присоединение к сетям новых объектов динамично развивающегося города, работу городского электротранспорта и системы наружного освещения. Сегодня это не только крупнейшее коммунальное предприятие Томска, способное своевременно реагировать на стремительно меняющиеся требования времени, но и признанный лидер коммунальной энергетики страны. В книге рассказывается об истории и современности предприятия, людях, внёсших заметный вклад в его становление и развитие.
|
| 606 |
1 |
|
|a Электрические сети, городские
|2 stltpush
|3 (RuTPU)RU\TPU\subj\27441
|9 51199
|
| 610 |
1 |
|
|a Томск
|
| 610 |
1 |
|
|a городские электрические сети
|
| 610 |
1 |
|
|a история
|
| 610 |
1 |
|
|a электрическая энергия
|
| 610 |
1 |
|
|a передача
|
| 610 |
1 |
|
|a городской электротранспорт
|
| 610 |
1 |
|
|a наружное освещение
|
| 610 |
1 |
|
|a кадры
|
| 610 |
1 |
|
|a современность
|
| 675 |
|
|
|a 621.311.1
|v 3
|
| 702 |
|
1 |
|a Резников
|b В. Т.
|g Владимир Тихонович
|4 340
|
| 702 |
|
1 |
|a Афанасьева
|b В. М.
|4 340
|
| 702 |
|
1 |
|a Мандрик
|b Л. М.
|4 340
|
| 712 |
0 |
2 |
|a Горсети
|c Общество с ограниченной ответственностью
|c (Томск)
|2 stltpush
|3 (RuTPU)RU\TPU\col\20814
|9 27825
|
| 801 |
|
1 |
|a RU
|b 63413507
|c 20150423
|
| 801 |
|
2 |
|a RU
|b 63413507
|c 20150505
|g RCR
|
| 942 |
|
|
|c BK
|